[Event "25. Torneo San Viator 2015 - Torneo B"]
[Site "Madrid ESP"]
[Date "2015.11.08"]
[Round "7.19"]
[White "Arevalo Estriegana, Jorge"]
[Black "Gallego Romero, Manuel"]
[Result "1-0"]
[WhiteElo "1250"]
[BlackElo "1482"]
[PlyCount "71"]
[EventDate "2015.10.04"]
[EventType "swiss"]
[EventRounds "9"]
[EventCountry "ESP"]
[Source "lmi"]
[SourceDate "2015.10.04"]

1. e4 e6 2. d4 d5 3. exd5 exd5 4. Nf3 c6 5. Bf4 Nf6 6. Bd3 Be7 7. O-O O-O 8. c4
Re8 9. h3 Nbd7 10. Qc2 Nf8 11. Nc3 h6 12. cxd5 Nxd5 13. Nxd5 cxd5 14. Rac1 Ne6
15. Be3 Ng5 16. Nxg5 Bxg5 17. Rfe1 Bf6 18. Qb3 b6 19. Bb5 Rf8 20. Bc6 Be6 21.
Bxa8 Qxa8 22. Qa4 Rd8 23. Rc7 a6 24. Qc6 Qxc6 25. Rxc6 Rb8 26. g4 g5 27. Rec1
Bd8 28. R1c3 Kg7 29. Rc1 a5 30. f4 gxf4 31. Bxf4 Rb7 32. Rd6 Bc7 33. Rxc7 Rxc7
34. Rxe6 Rc4 35. Rxb6 Rxd4 36. Be5+ 1-0

[Event "25. Torneo San Viator 2015 - Torneo B"]
[Site "Madrid ESP"]
[Date "2015.11.08"]
[Round "7.20"]
[White "Fogue Angelina, Hugo"]
[Black "Insua Rodriguez, Antonio"]
[Result "1-0"]
[WhiteElo "1273"]
[BlackElo "1431"]
[PlyCount "126"]
[EventDate "2015.10.04"]
[EventType "swiss"]
[EventRounds "9"]
[EventCountry "ESP"]
[Source "lmi"]
[SourceDate "2015.10.04"]

1. e4 e6 2. d4 d5 3. Nc3 Bb4 4. e5 b6 5. a3 Bf8 6. f4 Nh6 7. Nf3 c5 8. Be3 Nf5
9. Bf2 Ba6 10. Bxa6 Nxa6 11. Qd3 c4 12. Qd2 Be7 13. Ne2 b5 14. c3 Nb8 15. O-O
Rg8 16. g3 Nc6 17. Qc2 h5 18. b3 Na5 19. b4 Nb3 20. Ra2 a5 21. Nc1 a4 22. Ne2
g5 23. Kh1 g4 24. Nd2 h4 25. Kg2 hxg3 26. hxg3 Kd7 27. Rh1 Rh8 28. Qd1 Nxd2 29.
Rxd2 f6 30. Qg1 Rh3 31. Rxh3 gxh3+ 32. Kxh3 Qh8+ 33. Kg2 fxe5 34. fxe5 Bg5 35.
Rd1 Qh6 36. Re1 Be3 37. Qh1 Bxf2 38. Qxh6 Nxh6 39. Kxf2 Rf8+ 40. Kg2 Rg8 41.
Rg1 Ke7 42. Nf4 Nf5 43. Kf3 Nh4+ 44. Kf2 Ng6 45. Nxg6+ Rxg6 46. Rf1 Rg4 47. Re1
Kf7 48. Kf3 Rg8 49. Rf1 Kg7 50. Kg2 Rf8 51. Rxf8 Kxf8 52. Kf3 Kf7 53. g4 Kg7
54. Kf4 Kg6 55. Kf3 Kg5 56. Kg3 Kg6 57. Kh4 Kh6 58. g5+ Kg6 59. Kg4 Kg7 60. Kh5
Kh7 61. g6+ Kg7 62. Kg5 Kg8 63. Kf6 Kf8 1-0

[Event "25. Torneo San Viator 2015 - Torneo B"]
[Site "Madrid ESP"]
[Date "2015.11.08"]
[Round "7.21"]
[White "Perez Ramos, Miguel Angel"]
[Black "Aguilera Prada, Alejandro"]
[Result "0-1"]
[WhiteElo "1256"]
[BlackElo "1426"]
[PlyCount "104"]
[EventDate "2015.10.04"]
[EventType "swiss"]
[EventRounds "9"]
[EventCountry "ESP"]
[Source "lmi"]
[SourceDate "2015.10.04"]

1. e4 d6 2. Nf3 Nf6 3. Nc3 g6 4. d4 Bg7 5. h3 O-O 6. Bc4 Nxe4 7. Nxe4 d5 8.
Bxd5 Qxd5 9. Nc3 Qe6+ 10. Ne2 Rd8 11. c3 b6 12. Be3 Bb7 13. Ng5 Qd5 14. Nf3 Nd7
15. Qa4 Nf6 16. Nf4 Qd7 17. Qxd7 Rxd7 18. Nd2 Bh6 19. O-O Bg7 20. a4 a5 21.
Rfd1 Nd5 22. Nxd5 Bxd5 23. Rac1 Rad8 24. Bf4 c5 25. Nf1 Bb3 26. Rd2 Bxa4 27.
dxc5 bxc5 28. Rxd7 Rxd7 29. Ra1 Bb3 30. Rxa5 c4 31. g3 Rd1 32. Ra8+ Bf8 33. Be5
f6 34. Bd4 Bc2 35. Kg2 Be4+ 36. f3 Bxa8 37. Ne3 Rd2+ 38. Kf1 Rxb2 39. Nxc4 Ra2
40. Ke1 Bxf3 41. Nd2 Bg2 42. c4 Bxh3 43. c5 e5 44. Be3 Ra1+ 45. Ke2 Bg4+ 46.
Kf2 Rc1 47. Ne4 f5 48. Nf6+ Kf7 49. Nxg4 fxg4 50. Bxc1 Bxc5+ 51. Ke2 Ke6 52.
Be3 Kd5 0-1

[Event "25. Torneo San Viator 2015 - Torneo B"]
[Site "Madrid ESP"]
[Date "2015.11.08"]
[Round "7.24"]
[White "Salgado Duarte, Pablo"]
[Black "Estirado De Cabo, Cesar"]
[Result "1-0"]
[WhiteElo "1486"]
[BlackElo "1435"]
[PlyCount "47"]
[EventDate "2015.10.04"]
[EventType "swiss"]
[EventRounds "9"]
[EventCountry "ESP"]
[Source "lmi"]
[SourceDate "2015.10.04"]

1. d4 d5 2. c4 e6 3. Nf3 Nf6 4. Nc3 c6 5. cxd5 cxd5 6. Bg5 Nbd7 7. e3 Qa5 8.
Bd3 Ne4 9. Bxe4 dxe4 10. Ne5 Nxe5 11. dxe5 Qxe5 12. Bf4 Qa5 13. O-O e5 14. Bg3
f5 15. Qb3 Bd6 16. Rfd1 Qc7 17. Nb5 Qe7 18. Nxd6+ Kf8 19. h3 b6 20. Qd5 Rb8 21.
Bxe5 Be6 22. Qd4 Rg8 23. Nxf5 Bxf5 24. Bxb8 1-0

[Event "25. Torneo San Viator 2015 - Torneo B"]
[Site "Madrid ESP"]
[Date "2015.11.08"]
[Round "7.25"]
[White "Del Noval Perez, Jeronimo"]
[Black "Ingunza Curro, Alvaro"]
[Result "1/2-1/2"]
[WhiteElo "1453"]
[BlackElo "1101"]
[PlyCount "63"]
[EventDate "2015.10.04"]
[EventType "swiss"]
[EventRounds "9"]
[EventCountry "ESP"]
[Source "lmi"]
[SourceDate "2015.10.04"]

1. e4 Nc6 2. Nf3 e5 3. Bb5 Bc5 4. c3 Nf6 5. O-O Nxe4 6. d4 exd4 7. cxd4 Bb6 8.
Re1 d5 9. Ne5 Bd7 10. Nxc6 Bxc6 11. Bxc6+ bxc6 12. f3 Ba5 13. Nc3 Qe7 14. fxe4
dxe4 15. Bd2 O-O 16. Nxe4 Bb6 17. Bc3 Rfe8 18. Ng3 Qh4 19. Rxe8+ Rxe8 20. Qd2
c5 21. Re1 Rxe1+ 22. Qxe1 h6 23. Qe4 Qxe4 24. Nxe4 cxd4 25. Bd2 Kf8 26. Kf1 Ke7
27. Ke2 Ke6 28. b4 Kd5 29. Kd3 c5 30. Nxc5 Bxc5 31. bxc5 Kxc5 32. Bc1 1/2-1/2

[Event "25. Torneo San Viator 2015 - Torneo B"]
[Site "Madrid ESP"]
[Date "2015.11.08"]
[Round "7.26"]
[White "Trapero Bueno, Vicente"]
[Black "Rodriguez Larrinaga, Mikel"]
[Result "0-1"]
[WhiteElo "1237"]
[BlackElo "1638"]
[PlyCount "98"]
[EventDate "2015.10.04"]
[EventType "swiss"]
[EventRounds "9"]
[EventCountry "ESP"]
[Source "lmi"]
[SourceDate "2015.10.04"]

1. d4 d5 2. c4 c6 3. Nf3 Nf6 4. Nc3 Bf5 5. e3 e6 6. Nh4 Be4 7. f3 Nh5 8. g3 Bg6
9. Nxg6 hxg6 10. cxd5 exd5 11. e4 Nxg3 12. Rg1 Nxf1 13. Kxf1 Rxh2 14. exd5 Qh4
15. Qe1+ Be7 16. Qxh4 Rxh4 17. dxc6 Nxc6 18. d5 Nb4 19. Bg5 Bxg5 20. Rxg5 O-O-O
21. Rc1 Kb8 22. a3 Rh1+ 23. Rg1 Rxg1+ 24. Kxg1 Nd3 25. Rc2 Rd7 26. Kf1 a6 27.
b4 g5 28. Rd2 Nf4 29. d6 b5 30. Ne4 Ne6 31. Nc5 Nxc5 32. bxc5 Kb7 33. Ke2 Kc6
34. Rc2 a5 35. Kd3 f5 36. Kd4 Rf7 37. Re2 g4 38. f4 b4 39. axb4 axb4 40. Kc4 b3
41. Rb2 Rb7 42. d7 Kxd7 43. Rd2+ Kc7 44. Rb2 g3 45. Kd5 g2 46. Rxg2 b2 47.
Rxg7+ Kb8 48. Rxb7+ Kxb7 49. c6+ Kc7 0-1

[Event "25. Torneo San Viator 2015 - Torneo B"]
[Site "Madrid ESP"]
[Date "2015.11.08"]
[Round "7.28"]
[White "Guillo Sanchez-Galiano, Ernest"]
[Black "Martin Rodriguez, Jose Luis"]
[Result "0-1"]
[WhiteElo "1201"]
[BlackElo "1413"]
[PlyCount "106"]
[EventDate "2015.10.04"]
[EventType "swiss"]
[EventRounds "9"]
[EventCountry "ESP"]
[Source "lmi"]
[SourceDate "2015.10.04"]

1. d4 Nf6 2. Nf3 e6 3. Bf4 c5 4. c3 d5 5. e3 b6 6. Bd3 Bb7 7. Ne5 Nbd7 8. O-O
Nxe5 9. dxe5 Nd7 10. Qg4 h6 11. Qe2 c4 12. Bc2 Qc7 13. Ba4 Bc6 14. Bxc6 Qxc6
15. Nd2 Nc5 16. Bg3 Nd3 17. Rab1 a5 18. e4 b5 19. exd5 Qxd5 20. Qe4 Qxe4 21.
Nxe4 Be7 22. b3 O-O 23. bxc4 bxc4 24. Rfd1 Ba3 25. Rd2 Rab8 26. Rbd1 Rb6 27. f4
Rfb8 28. Nf2 Rb1 29. Nxd3 Rxd1+ 30. Rxd1 cxd3 31. Rxd3 Rb2 32. c4 Bc5+ 33. Kf1
Rxa2 34. Rd8+ Kh7 35. Rd7 Kg6 36. Be1 a4 37. Rc7 Bd4 38. Bb4 Rf2+ 39. Ke1 Rxf4
40. Bd6 Bb2 41. c5 a3 42. Kd1 a2 43. Ra7 a1=Q+ 44. Rxa1 Bxa1 45. c6 Rc4 46. c7
Bc3 47. Kc2 Ba5+ 48. Kd3 Rc6 49. Ke4 Bxc7 50. Bxc7 Rxc7 51. g4 Rc4+ 52. Kf3 Kg5
53. Kg3 Rc3+ 0-1

[Event "25. Torneo San Viator 2015 - Torneo B"]
[Site "Madrid ESP"]
[Date "2015.11.08"]
[Round "7.29"]
[White "Jimenez Perez, Federico"]
[Black "Coronado Riscos, Hector"]
[Result "1-0"]
[WhiteElo "1371"]
[BlackElo "1102"]
[PlyCount "100"]
[EventDate "2015.10.04"]
[EventType "swiss"]
[EventRounds "9"]
[EventCountry "ESP"]
[Source "lmi"]
[SourceDate "2015.10.04"]

1. e4 d6 2. Bc4 Nf6 3. Nc3 g6 4. Nf3 Bg7 5. O-O O-O 6. d3 c6 7. e5 Ng4 8. exd6
exd6 9. h3 Ne5 10. Nxe5 Bxe5 11. Ne4 d5 12. Bh6 Re8 13. Bg5 Qb6 14. Nf6+ Bxf6
15. Bxf6 dxc4 16. Re1 Be6 17. Qd2 Nd7 18. Bc3 a5 19. Qh6 f6 20. Re4 Bf5 21. Rd4
c5 22. Rxc4 Ne5 23. Rf4 Qe6 24. g4 Bxg4 25. hxg4 Nxg4 26. Qh1 h5 27. Re1 Qxe1+
28. Bxe1 Rxe1+ 29. Kg2 Rxh1 30. Kxh1 Kg7 31. d4 Re8 32. d5 Re4 33. Rf3 Rd4 34.
c4 Rd2 35. Kg2 Rxb2 36. Rd3 Rxa2 37. d6 Ne5 38. d7 Nxd7 39. Rxd7+ Kh6 40. Rxb7
Ra4 41. Rb5 Rxc4 42. Rxa5 Rc3 43. f4 h4 44. Ra6 Rg3+ 45. Kf2 f5 46. Ra8 Kh5 47.
Rc8 Kg4 48. Rxc5 h3 49. Rc6 Kxf4 50. Rc4+ Ke5 1-0

[Event "25. Torneo San Viator 2015 - Torneo B"]
[Site "Madrid ESP"]
[Date "2015.11.08"]
[Round "7.31"]
[White "Garcia Pardo, Celia"]
[Black "Diaz Del Prado, Carlos"]
[Result "1-0"]
[WhiteElo "1020"]
[BlackElo "1279"]
[PlyCount "85"]
[EventDate "2015.10.04"]
[EventType "swiss"]
[EventRounds "9"]
[EventCountry "ESP"]
[Source "lmi"]
[SourceDate "2015.10.04"]

1. e4 d6 2. Nf3 g6 3. Nc3 Bg7 4. Be2 Nf6 5. d3 c5 6. d4 O-O 7. O-O Nbd7 8. Be3
a6 9. e5 dxe5 10. Nxe5 cxd4 11. Bxd4 Nxe5 12. Bxe5 Qa5 13. Bd4 Rd8 14. b4 Qxb4
15. Bc5 Rxd1 16. Bxb4 Rxa1 17. Rxa1 e6 18. Rd1 Bd7 19. Ne4 Rd8 20. Be7 Nxe4 21.
Bxd8 Bc6 22. Be7 Bf6 23. Bxf6 Nxf6 24. Bf3 Bxf3 25. gxf3 Nd5 26. c4 Nc3 27. Rd7
b5 28. cxb5 axb5 29. Rb7 Nxa2 30. Rxb5 Nc3 31. Rb2 Kg7 32. Kg2 h5 33. Kg3 Kf6
34. h4 e5 35. Rc2 Nb5 36. Rc4 Nd6 37. Rc6 Ke6 38. Rc1 Nf5+ 39. Kh3 Nd4 40. Rc3
Kf5 41. Re3 Kf4 42. Kg2 Nf5 43. Re4# 1-0

[Event "25. Torneo San Viator 2015 - Torneo B"]
[Site "Madrid ESP"]
[Date "2015.11.08"]
[Round "7.33"]
[White "Hernandez Herrera, Rodolfo"]
[Black "Del Noval Nemeshazi, Mario"]
[Result "0-1"]
[WhiteElo "1300"]
[BlackElo "1239"]
[PlyCount "38"]
[EventDate "2015.10.04"]
[EventType "swiss"]
[EventRounds "9"]
[EventCountry "ESP"]
[Source "lmi"]
[SourceDate "2015.10.04"]

1. b3 d5 2. Bb2 Nc6 3. e3 f6 4. Bb5 Bd7 5. f4 a6 6. Bxc6 Bxc6 7. Nf3 Nh6 8. O-O
Nf7 9. Nd4 Qd6 10. Ba3 Qd7 11. d3 e5 12. Bxf8 Rxf8 13. Nxc6 Qxc6 14. c4 O-O-O
15. Qg4+ Kb8 16. Nd2 dxc4 17. Qxg7 Rg8 18. Qxg8 Rxg8 19. Ne4 cxd3 0-1

[Event "25. Torneo San Viator 2015 - Torneo B"]
[Site "Madrid ESP"]
[Date "2015.11.08"]
[Round "7.1"]
[White "Jimenez Alvaro, Angel"]
[Black "Munoz Cebey, Ricardo"]
[Result "0-1"]
[WhiteElo "1742"]
[BlackElo "1693"]
[PlyCount "51"]
[EventDate "2015.10.04"]
[EventType "swiss"]
[EventRounds "9"]
[EventCountry "ESP"]
[Source "lmi"]
[SourceDate "2015.10.04"]

1. d4 d5 2. Bf4 Nf6 3. e3 c5 4. c3 Nc6 5. Nd2 Bf5 6. Qb3 Qc8 7. dxc5 e5 8. Bg5
Be6 9. Ngf3 Bxc5 10. Bb5 Nd7 11. Qa4 a6 12. Bxc6 bxc6 13. O-O O-O 14. Rac1 f6
15. Bh4 Qb7 16. Nb3 Rfc8 17. Rfd1 Bf8 18. Bg3 Nb6 19. Qh4 Qf7 20. Bxe5 fxe5 21.
Nxe5 Qf6 22. Nf3 Qxh4 23. Nxh4 c5 24. Nd2 Na4 25. b3 Nb2 26. Re1 0-1

[Event "25. Torneo San Viator 2015 - Torneo B"]
[Site "Madrid ESP"]
[Date "2015.11.08"]
[Round "7.2"]
[White "Mateos Cordero, Francisco"]
[Black "San Felipe Gonzalez, Tomas"]
[Result "0-1"]
[WhiteElo "1627"]
[BlackElo "1732"]
[PlyCount "84"]
[EventDate "2015.10.04"]
[EventType "swiss"]
[EventRounds "9"]
[EventCountry "ESP"]
[Source "lmi"]
[SourceDate "2015.10.04"]

1. d4 Nf6 2. c4 e6 3. Nf3 b6 4. Nc3 Bb4 5. Bd2 Bb7 6. e3 O-O 7. Be2 a5 8. O-O
Na6 9. Ne1 d5 10. cxd5 Nxd5 11. Bf3 Nxc3 12. bxc3 Bxf3 13. Qxf3 Bd6 14. e4 Re8
15. e5 Bf8 16. Qg4 c5 17. Nf3 cxd4 18. cxd4 Nc7 19. h4 Nd5 20. h5 f5 21. Qg3
Qd7 22. Ng5 Bb4 23. Be3 Rac8 24. Rac1 Nc3 25. Rxc3 Bxc3 26. h6 g6 27. Nf3 Bb4
28. Nh4 Qf7 29. Nf3 Bf8 30. Qh3 b5 31. g4 fxg4 32. Qxg4 Qf5 33. Qxf5 gxf5 34.
Kh2 Re7 35. Rg1+ Kf7 36. Bg5 Rec7 37. Be3 Ke7 38. Rg8 f4 39. Bxf4 Bxh6 40. Bg5+
Bxg5 41. Rxg5 Rf8 42. Kg3 Rc3 0-1

[Event "25. Torneo San Viator 2015 - Torneo B"]
[Site "Madrid ESP"]
[Date "2015.11.08"]
[Round "7.3"]
[White "Navarro Gonzalez, Jaime"]
[Black "Martinez Sanz, Ignacio"]
[Result "0-1"]
[WhiteElo "1733"]
[BlackElo "1644"]
[PlyCount "126"]
[EventDate "2015.10.04"]
[EventType "swiss"]
[EventRounds "9"]
[EventCountry "ESP"]
[Source "lmi"]
[SourceDate "2015.10.04"]

1. e4 c5 2. Nf3 e6 3. d4 cxd4 4. Nxd4 Nc6 5. Nc3 a6 6. a3 Nf6 7. Bg5 Be7 8. Be2
Qc7 9. O-O O-O 10. Qd2 Rd8 11. Nb3 b5 12. h4 Bb7 13. Qe3 Rac8 14. h5 h6 15. Bf4
Bd6 16. Bxd6 Qxd6 17. Rad1 Qe7 18. Nc5 d6 19. Nxb7 Qxb7 20. g4 Ne5 21. g5 hxg5
22. Qxg5 Nxe4 23. Nxe4 Qxe4 24. Rd2 Rd7 25. f3 Qh7 26. f4 f6 27. Qh4 Nc4 28.
Bd3 Qh6 29. Bxc4 Rxc4 30. Rg2 e5 31. Qh3 Re7 32. Rg6 Qh7 33. fxe5 Rxe5 34. Qd7
Rce4 35. Rfxf6 Re7 36. Qf5 Re1+ 37. Kf2 R7e2+ 38. Kf3 Re3+ 39. Kf4 Re4+ 40.
Qxe4 Rxe4+ 41. Kxe4 Qxh5 42. Rxd6 Qe2+ 43. Kd4 Qxc2 44. Rxa6 Qxb2+ 45. Kc5 Qe5+
46. Kb4 Kf7 47. Rgb6 Qb2+ 48. Kc5 Qe5+ 49. Kc6 Qe8+ 50. Kb7 Qe4+ 51. Ka7 Qd4
52. Ra5 g6 53. Ka6 g5 54. Rbxb5 g4 55. Rb4 Qd3+ 56. Ka7 g3 57. Rb7+ Kf6 58.
Rb6+ Kf7 59. Kb8 g2 60. Ra7+ Kg8 61. Ka8 Qd5+ 62. Rab7 g1=Q 63. a4 Qxb6 0-1

[Event "25. Torneo San Viator 2015 - Torneo B"]
[Site "Madrid ESP"]
[Date "2015.11.08"]
[Round "7.4"]
[White "Cabezas Lopez, Mercedes"]
[Black "Serrano Gonzalez, Oscar"]
[Result "0-1"]
[WhiteElo "1605"]
[BlackElo "1665"]
[PlyCount "38"]
[EventDate "2015.10.04"]
[EventType "swiss"]
[EventRounds "9"]
[EventCountry "ESP"]
[Source "lmi"]
[SourceDate "2015.10.04"]

1. d4 Nf6 2. c4 e6 3. Nf3 Bb4+ 4. Bd2 Bxd2+ 5. Nbxd2 d6 6. e3 Nbd7 7. Bd3 Nf8
8. O-O Ng6 9. Ne4 O-O 10. Ng3 Qe7 11. Bxg6 fxg6 12. e4 e5 13. d5 Bg4 14. h3
Bxf3 15. Qxf3 Nxd5 16. Qa3 Nf4 17. b4 h5 18. Qe3 Qg5 19. Ne2 Qxg2# 0-1

[Event "25. Torneo San Viator 2015 - Torneo B"]
[Site "Madrid ESP"]
[Date "2015.11.08"]
[Round "7.5"]
[White "Fogue Caro, David"]
[Black "Marcelo De La Mata, Daniel"]
[Result "1-0"]
[WhiteElo "1568"]
[BlackElo "1656"]
[PlyCount "85"]
[EventDate "2015.10.04"]
[EventType "swiss"]
[EventRounds "9"]
[EventCountry "ESP"]
[Source "lmi"]
[SourceDate "2015.10.04"]

1. c4 e6 2. Nc3 c5 3. g3 g6 4. Bg2 Bg7 5. Nf3 Nc6 6. O-O Nge7 7. d3 O-O 8. a3
d6 9. Rb1 a6 10. Bd2 Qc7 11. Qc1 Nf5 12. b4 cxb4 13. axb4 Qd7 14. b5 axb5 15.
Nxb5 Ncd4 16. Nbxd4 Nxd4 17. Nxd4 Bxd4 18. Bc3 Bxc3 19. Qxc3 Rb8 20. Rb6 Qc7
21. Rfb1 d5 22. c5 Bd7 23. Qb4 Bc6 24. e3 Ra8 25. Qb2 Qe7 26. d4 f6 27. Bf1 e5
28. Bb5 exd4 29. Qxd4 Rac8 30. Bxc6 bxc6 31. Rb7 Rc7 32. R7b6 Qe5 33. Rb8 Rxb8
34. Rxb8+ Kf7 35. Qa4 Qc3 36. Qa8 Qxc5 37. Rh8 Ke6 38. Qg8+ Kf5 39. Rxh7 Rxh7
40. Qxh7 Qc4 41. Qd7+ Kg5 42. f4+ Kh5 43. Qh3# 1-0

[Event "25. Torneo San Viator 2015 - Torneo B"]
[Site "Madrid ESP"]
[Date "2015.11.08"]
[Round "7.6"]
[White "Del Rio Perezagua, Mario"]
[Black "Bellagamba, Pascal"]
[Result "0-1"]
[WhiteElo "1487"]
[BlackElo "1643"]
[PlyCount "36"]
[EventDate "2015.10.04"]
[EventType "swiss"]
[EventRounds "9"]
[EventCountry "ESP"]
[Source "lmi"]
[SourceDate "2015.10.04"]

1. e4 Nf6 2. e5 Nd5 3. d4 d6 4. c4 Nb6 5. exd6 cxd6 6. Nc3 g6 7. Nf3 Bg7 8. h3
Nc6 9. Be2 O-O 10. O-O Bf5 11. a3 Re8 12. Bd3 Qd7 13. Be3 Rad8 14. Qc2 Nxc4 15.
Bxf5 Qxf5 16. Qb3 Nb6 17. Nd5 Na5 18. Qb5 Nac4 0-1

[Event "25. Torneo San Viator 2015 - Torneo B"]
[Site "Madrid ESP"]
[Date "2015.11.08"]
[Round "7.7"]
[White "Bustos Bernardo, Diego"]
[Black "Castro Uceda, Jose Antonio"]
[Result "0-1"]
[WhiteElo "1343"]
[BlackElo "1582"]
[PlyCount "104"]
[EventDate "2015.10.04"]
[EventType "swiss"]
[EventRounds "9"]
[EventCountry "ESP"]
[Source "lmi"]
[SourceDate "2015.10.04"]

1. d4 Nf6 2. c4 e5 3. dxe5 Ng4 4. Nf3 Nc6 5. e3 Ngxe5 6. a3 d6 7. Nc3 Bg4 8.
Be2 Nxf3+ 9. Bxf3 Bxf3 10. Qxf3 Qd7 11. b4 O-O-O 12. O-O g6 13. Bb2 Bg7 14.
Rab1 Ne5 15. Qe2 Qc6 16. Nd5 Rhe8 17. Rfc1 f6 18. e4 g5 19. c5 Nd7 20. b5 Qxd5
21. exd5 Rxe2 22. cxd6 Rde8 23. Rxc7+ Kd8 24. g3 Re1+ 25. Rxe1 Rxe1+ 26. Kg2
Rb1 27. Bd4 Rxb5 28. Bxa7 Bf8 29. Rc3 Bxd6 30. Rd3 b6 31. Re3 Ra5 32. Bxb6+
Nxb6 33. Re6 Rxd5 34. Rxf6 Nd7 35. Rf7 h5 36. Rh7 g4 37. h3 Bxa3 38. hxg4 hxg4
39. Rh8+ Kc7 40. Rg8 Rd4 41. Rg5 Bb4 42. Rg7 Bc5 43. Rf7 Rd2 44. Rf4 Ne5 45.
Rf5 Kd6 46. Rf6+ Kd5 47. Rf5 Ke6 48. Rf4 Be3 49. Rf8 Ke7 50. Rf5 Nf3 51. Rxf3
gxf3+ 52. Kxf3 Bxf2 0-1

[Event "25. Torneo San Viator 2015 - Torneo B"]
[Site "Madrid ESP"]
[Date "2015.11.08"]
[Round "7.8"]
[White "Sadaba Rodriguez, Igor"]
[Black "Jimenez Manzano, Emiliano"]
[Result "1-0"]
[WhiteElo "1693"]
[BlackElo "1550"]
[PlyCount "111"]
[EventDate "2015.10.04"]
[EventType "swiss"]
[EventRounds "9"]
[EventCountry "ESP"]
[Source "lmi"]
[SourceDate "2015.10.04"]

1. d4 Nf6 2. c4 g6 3. Nc3 Bg7 4. e4 d6 5. h3 O-O 6. Bg5 e5 7. dxe5 dxe5 8. Qxd8
Rxd8 9. Nd5 Nbd7 10. O-O-O Rf8 11. Nxc7 Rb8 12. f3 h6 13. Be3 b6 14. Ne2 Ne8
15. Nd5 Ndf6 16. Ne7+ Kh7 17. Nxc8 Rxc8 18. Nc3 Nc7 19. Be2 Nh5 20. Bf2 Nf4 21.
g3 Nxe2+ 22. Nxe2 Na6 23. Kb1 Rxc4 24. Rd7 Rc7 25. Rxc7 Nxc7 26. Rd1 Kg8 27.
Rd7 Rc8 28. a4 Bf8 29. Be3 h5 30. Bg5 Ne6 31. Bf6 Rc7 32. Rxc7 Nxc7 33. Bxe5
Ne6 34. Bb8 a5 35. Ba7 Bc5 36. f4 Be3 37. Kc2 Kf8 38. Kd3 Bc5 39. Kc4 b5+ 40.
Kxb5 Bxa7 41. Kxa5 Nc7 42. b4 Ke7 43. b5 Ne6 44. b6 Bb8 45. Kb5 Kd7 46. a5 Kc8
47. a6 Nc7+ 48. bxc7 Kxc7 49. Nd4 Ba7 50. Nc6 Bf2 51. g4 hxg4 52. hxg4 f6 53.
Ne7 g5 54. Nd5+ Kb8 55. fxg5 fxg5 56. e5 1-0

[Event "25. Torneo San Viator 2015 - Torneo B"]
[Site "Madrid ESP"]
[Date "2015.11.08"]
[Round "7.9"]
[White "Garcia Rojas, Juan Carlos"]
[Black "Tudela Garcia, Antonio"]
[Result "1/2-1/2"]
[WhiteElo "1489"]
[BlackElo "1632"]
[PlyCount "103"]
[EventDate "2015.10.04"]
[EventType "swiss"]
[EventRounds "9"]
[EventCountry "ESP"]
[Source "lmi"]
[SourceDate "2015.10.04"]

1. e4 e5 2. Nf3 Nc6 3. Bb5 a6 4. Ba4 Nf6 5. d3 b5 6. Bb3 Be7 7. O-O O-O 8. c3
d6 9. Be3 Na5 10. Bc2 c5 11. a3 Qc7 12. Nbd2 Ng4 13. Bg5 Bxg5 14. Nxg5 h6 15.
Ngf3 Be6 16. Rc1 Qd7 17. Nb3 Nxb3 18. Bxb3 Bxb3 19. Qxb3 Nf6 20. c4 Rab8 21.
Qc2 b4 22. axb4 Rxb4 23. Ra1 Qb7 24. Rfb1 Rb8 25. Ra2 a5 26. Nd2 Ra8 27. Ra4
Ne8 28. Rxb4 axb4 29. b3 Ra5 30. Qd1 Qa6 31. h3 Ra2 32. Qc1 Nc7 33. Nf3 Ne6 34.
g3 Qa8 35. Qd1 Qa3 36. Kf1 Kh7 37. h4 g6 38. Nd2 Kg7 39. Kg2 Nd4 40. g4 Qa8 41.
Kg3 Ne6 42. Nf1 Nf4 43. Qf3 Ra1 44. Qd1 Rxb1 45. Qxb1 Ne2+ 46. Kf3 Nc3 47. Qb2
Qa3 48. Qc2 Qa1 49. Ng3 Qa8 50. h5 Qd8 51. Ne2 Qf6+ 52. Kg2 1/2-1/2

[Event "25. Torneo San Viator 2015 - Torneo B"]
[Site "Madrid ESP"]
[Date "2015.11.08"]
[Round "7.10"]
[White "Ramos Antona, Enrique"]
[Black "Cabello Rodriguez, Raul"]
[Result "1-0"]
[WhiteElo "1577"]
[BlackElo "1615"]
[PlyCount "53"]
[EventDate "2015.10.04"]
[EventType "swiss"]
[EventRounds "9"]
[EventCountry "ESP"]
[Source "lmi"]
[SourceDate "2015.10.04"]

1. d4 Nf6 2. c4 e6 3. Nc3 Bb4 4. a3 Bxc3+ 5. bxc3 b6 6. f3 d6 7. e4 Ba6 8. Bg5
O-O 9. Qc2 h6 10. Bh4 e5 11. Qd3 Nbd7 12. Ne2 g5 13. Bf2 Nh5 14. h4 Nf4 15.
Nxf4 gxf4 16. g3 Qf6 17. Qd2 Kh8 18. gxf4 Qxf4 19. Qxf4 exf4 20. Kd2 Nf6 21. h5
Rae8 22. Bh4 Nxh5 23. Bf2 Ng7 24. Rxh6+ Kg8 25. e5 Re6 26. Rh4 dxe5 27. Bd3 1-0

[Event "25. Torneo San Viator 2015 - Torneo B"]
[Site "Madrid ESP"]
[Date "2015.11.08"]
[Round "7.11"]
[White "Corral Sanchez, Jesus"]
[Black "Rivera Rodriguez, Luis Fernand"]
[Result "1-0"]
[WhiteElo "1613"]
[BlackElo "1245"]
[PlyCount "77"]
[EventDate "2015.10.04"]
[EventType "swiss"]
[EventRounds "9"]
[EventCountry "ESP"]
[Source "lmi"]
[SourceDate "2015.10.04"]

1. d4 d5 2. Bf4 Nf6 3. e3 c6 4. Bd3 b6 5. Nd2 a5 6. a4 Nbd7 7. Ngf3 c5 8. Bb5
cxd4 9. exd4 Ne4 10. Ne5 e6 11. Ndf3 Bd6 12. O-O O-O 13. Nxd7 Bxd7 14. Bxd6
Nxd6 15. Bd3 Nc4 16. Qc1 Qf6 17. b3 Nd6 18. Re1 Rfe8 19. Ne5 Rad8 20. Qd2 Nf5
21. Nf3 Nxd4 22. Nxd4 Qxd4 23. Bxh7+ Kxh7 24. Qxd4 Kg8 25. Qxb6 Rc8 26. Re2 Rc6
27. Qxa5 Rec8 28. Rc1 d4 29. Qd2 e5 30. Rxe5 f6 31. Ra5 Be6 32. Rb5 R6c7 33. h3
Bd7 34. Rd5 Be6 35. Qa5 Bxd5 36. Qxd5+ Kh8 37. Qxd4 Rxc2 38. Rxc2 Rxc2 39. Qd8+
1-0

[Event "25. Torneo San Viator 2015 - Torneo B"]
[Site "Madrid ESP"]
[Date "2015.11.08"]
[Round "7.13"]
[White "Sirera Andres, Dario"]
[Black "Rendo Quindos, Pedro"]
[Result "1-0"]
[WhiteElo "1360"]
[BlackElo "1662"]
[PlyCount "145"]
[EventDate "2015.10.04"]
[EventType "swiss"]
[EventRounds "9"]
[EventCountry "ESP"]
[Source "lmi"]
[SourceDate "2015.10.04"]

1. e4 c5 2. Nc3 d6 3. f4 Nc6 4. Nf3 Nf6 5. Bc4 g6 6. d3 Bg7 7. O-O a6 8. a3 O-O
9. Qe1 Be6 10. f5 Bxc4 11. dxc4 Ng4 12. Qh4 Nge5 13. Bh6 Nxf3+ 14. Rxf3 e6 15.
f6 Bh8 16. Bxf8 Qxf8 17. Rh3 h5 18. g4 Qh6 19. gxh5 g5 20. Rg3 Bxf6 21. Rf1
Bd4+ 22. Kh1 f6 23. Qg4 Re8 24. h4 Ne5 25. hxg5 fxg5 26. Qxg5+ Qxg5 27. Rxg5+
Kh7 28. Nd1 Nxc4 29. c3 Be5 30. Rg6 Re7 31. Kg2 a5 32. Kh3 Nd2 33. Rf8 Nxe4 34.
Nf2 Nxf2+ 35. Rxf2 b5 36. Kg4 b4 37. axb4 axb4 38. cxb4 cxb4 39. b3 d5 40. Re2
Bc3 41. Rexe6 Rxe6 42. Rxe6 d4 43. Rd6 Bb2 44. Kg5 Bc1+ 45. Kf5 Bb2 46. Rb6 Bc3
47. Kg4 d3 48. Rd6 d2 49. Kg5 Bb2 50. Rd7+ Kg8 51. Kf5 Bc3 52. h6 Kf8 53. h7
Ke8 54. Ke6 Kf8 55. Rd3 Kg7 56. Rd7+ Kh8 57. Kf5 d1=Q 58. Rxd1 Kxh7 59. Ke4 Kg6
60. Kd3 Kf5 61. Rc1 Be5 62. Rc5 Ke6 63. Rxe5+ Kxe5 64. Kc4 Kd6 65. Kxb4 Kc6 66.
Ka5 Kb7 67. Kb5 Ka7 68. Kc6 Kb8 69. Kb6 Ka8 70. b4 Kb8 71. b5 Ka8 72. Kc7 Ka7
73. b6+ 1-0